000 00347nam a2200145 i 4500
001 bg
100 1 _aSENKARA, J.
245 0 _aPodstawy teorii procesów spajania /
_cJ. Senkara, A. Windyga.
260 _aWarszawa,
_c1990.
700 1 _aWINDYGA, A.
040 _cBPK
041 _apol
942 _cKS
008 s pl f |000 0 pol
999 _c4493
_d4493
856 _uhttp://koha.tu.koszalin.pl/cgi-bin/koha/opac-detail.pl?biblionumber=4493
_yKatalog online BPK